[Event "Ohrid Lasker U20 op"]
[Site "Ohrid"]
[Date "2018.10.13"]
[Round "6"]
[White "Nikolovski, Kiril"]
[Black "Kinesci, Mert"]
[Result "1-0"]
[WhiteElo "1205"]
[BlackElo "1034"]
[PlyCount "65"]
[EventDate "2018.10.11"]
[EventType "swiss"]
[EventRounds "7"]
[EventCountry "MKD"]
[SourceTitle "CBM 186 Extra"]
[Source "ChessBase"]
[SourceDate "2018.08.24"]
[SourceVersion "1"]
[SourceVersionDate "2018.08.24"]
[SourceQuality "1"]

1. e4 e5 2. Nf3 Nc6 3. Bc4 Be7 4. d4 d6 5. h3 Nf6 6. Nc3 0-0 7. Be3 a6 8. Qd2 b5 9. Bd3 Bd7 10. 0-0 Nb4 11. Be2 c5 12. dxe5 dxe5 13. Nxe5 Nc6 14. Nf3 b4 15. Na4 Nxe4 16. Qd5 Nf6 17. Qd1 c4 18. Nb6 Rb8 19. Nxc4 Qc7 20. Qc1 Rfe8 21. Bf4 Qb7 22. Bxb8 Rxb8 23. b3 Re8 24. Re1 Bc5 25. Bd3 Rd8 26. Nfe5 Qa7 27. Qd2 Bd4 28. Kf1 Bxa1 29. Rxa1 Qd4 30. Re1 Nxe5 31. Bxh7+ Nxh7 32. Qxd4 Ng6 33. Qb6 1-0

[Event "Ohrid Lasker U20 op"]
[Site "Ohrid"]
[Date "2018.10.12"]
[Round "4"]
[White "Kinesci, Mert"]
[Black "Isteri, Daniel"]
[Result "0-1"]
[WhiteElo "1034"]
[BlackElo "1251"]
[PlyCount "68"]
[EventDate "2018.10.11"]
[EventType "swiss"]
[EventRounds "7"]
[EventCountry "MKD"]
[SourceTitle "CBM 186 Extra"]
[Source "ChessBase"]
[SourceDate "2018.08.24"]
[SourceVersion "1"]
[SourceVersionDate "2018.08.24"]
[SourceQuality "1"]

1. e4 e5 2. Nf3 Nf6 3. Nc3 Bb4 4. d3 Nc6 5. Be2 d5 6. exd5 Nxd5 7. Bd2 0-0 8. 0-0 Re8 9. a3 Nxc3 10. Bxc3 Bxc3 11. bxc3 b6 12. Re1 Bb7 13. d4 f6 14. Bc4+ Kh8 15. Bb5 a6 16. Bd3 Re6 17. Be4 Rd6 18. d5 Ne7 19. c4 c6 20. c3 cxd5 21. cxd5 Nxd5 22. Qc2 h6 23. c4 Rc8 24. Qb2 Rxc4 25. Qa2 b5 26. Nd2 Nc3 27. Qb2 Bxe4 28. Nxe4 Nxe4 29. f3 Nc5 30. h3 Nd3 31. Qe2 Nxe1 32. Rxe1 Rcd4 33. Kh2 Rd1 34. Rxd1 Rxd1 0-1